Missing Word: Russian History A-Z Quiz Stats

 Plays Quiz Updated Sep 7, 2014

Support Sporcle.
Go Orange.
Score 0/24 Timer 03:00
0 Plays Today
Hint Answer % Correct
____ the TerribleIvan
95%
____ StalinJoseph
92.7%
Soviet ____Union
91.1%
____ LeninVladimir
87.5%
____ Gagarin - cosmonautYuri
85.5%
____ PactWarsaw
83.6%
____ KhrushchevNikita
79.9%
____ War - 1853-56Crimean
73.5%
Grigori ____ - mysticRasputin
71.7%
____ GodunovBoris
68.9%
____ DostoyevskyFyodor
67.3%
____ Revolution - 1917October
63.1%
Hint Answer % Correct
Pyotr Ilyich ____ - composerTchaikovsky
61.8%
Battleship ____Potemkin
53.7%
____ NevskyAlexander
51.8%
____ ArchipelagoGulag
51.3%
____ - space dogLaika
39.1%
Sergei ____ - film directorEisenstein
30.9%
Georgy ____ - generalZhukov
30.5%
Golden ____Horde
28.6%
____ Revolt - 1825Decembrist
15%
Kazimir ____ - artistMalevich
10.9%
The ____ and RevolutionState
6.6%
Battle of ____ - 1774Kazan
4.8%

Today's Daily Dose

You're not logged in!

Compare scores with friends on all Sporcle quizzes.
OR
Log In
Forgot?

From the Vault

Corporate Mascots

by gingerlover

If you know these mascots, then it means that their advertising worked.
Remove Ads.
Support Sporcle.
Get the best of Sporcle when you Go Orange. This ad-free experience offers more features, more stats, and more fun while also helping to support Sporcle. Thank you for becoming a member.

Show Comments

Extras

Top Quizzes Today


Score Distribution

Your Account Isn't Verified!

In order to create a playlist on Sporcle, you need to verify the email address you used during registration. Go to your Sporcle Settings to finish the process.

Report this User

Report this user for behavior that violates our Community Guidelines.

Details: